লোডিং...

Piaget's theory: psychological critique /

গ্রন্থ-পঞ্জীর বিবরন
প্রধান লেখক: Brown, Geoffrey
অন্যান্য লেখক: Desforges, Charles
বিন্যাস: Printed Book
ভাষা:English
প্রকাশিত: London : Routledge & Kegan Paul, 1979.
LEADER 00512nam a2200145Ia 4500
008 150624b xxu||||| |||| 00| 0 eng d
082 |a 155.413 
100 |a Brown, Geoffrey 
245 |a Piaget's theory:  |b psychological critique /  |c Geoffrey Brown 
260 |a London :  |b Routledge & Kegan Paul,  |c 1979. 
300 |a 196 p. 
700 |a Desforges, Charles 
942 |c BK 
999 |c 42042  |d 42042 
952 |0 0  |1 0  |4 0  |6 155_413000000000000_BRO_P  |7 0  |9 42038  |a UL  |b UL  |c ST1  |d 1998-08-28  |l 0  |o 155.413 BRO/P  |p 62004  |r 2012-10-27  |w 2012-10-27  |y BK